Pénzügyi számvitel 7. lecke /
Elmentve itt :
| Szerző: | |
|---|---|
| Dokumentumtípus: | Vegyes gyűjtemény |
| Megjelent: |
2018
|
| Kulcsszavak: | pénzügy számvitel |
| Tárgyszavak: | |
| Online Access: | http://eta.bibl.u-szeged.hu/1968 |
| LEADER | 00772npc a2200217 i 4500 | ||
|---|---|---|---|
| 001 | eta1968 | ||
| 005 | 20210222092908.0 | ||
| 008 | 190305s2018 hu o 0|| hun d | ||
| 040 | |a SZTE Elektronikus Tananyag Archívum |b hun | ||
| 041 | |a hun | ||
| 100 | 1 | |a Deák István | |
| 245 | 1 | 0 | |a Pénzügyi számvitel |h [elektronikus dokumentum] : |b 7. lecke / |c Deák István |
| 246 | 1 | 0 | |a Financial accounting : 7. lecke |h [elektronikus dokumentum] |
| 260 | |c 2018 | ||
| 650 | 4 | |a Társadalomtudományok | |
| 650 | 4 | |a Közgazdasági és gazdálkodástudományok | |
| 650 | 4 | |a Közgazdaság, ökonometria | |
| 650 | 4 | |a Banki, vállalati pénzügyek, számvitel | |
| 695 | |a pénzügy | ||
| 695 | |a számvitel | ||
| 856 | 4 | 0 | |u https://eta.bibl.u-szeged.hu/1968/1/7.%20lecke.pptx |z Dokumentum-elérés |